Country by Emoji: Europe - Statistics

General Stats
  • This quiz has been taken 113 times
  • The average score is 21 of 32
Answer Stats
Picture Answer % Correct
Spain
96%
Belgium
89%
Greece
87%
Italy
86%
France
85%
United Kingdom
85%
Germany
83%
The Netherlands
79%
Cyprus
78%
Romania
78%
Austria
76%
Russia
76%
Ireland
74%
Iceland
72%
Ukraine
70%
Finland
69%
Belarus
65%
Switzerland
64%
Bosnia and Herzegovina
62%
Monaco
62%
Norway
56%
Sweden
56%
Portugal
53%
Vatican City
51%
Denmark
49%
Lithuania
49%
Czech Republic
47%
Poland
47%
Bulgaria
35%
Croatia
35%
Serbia
35%
Hungary
30%
No matching quizzes found
Score Distribution
Percent of People with Each Score
Percentile by Number Answered
Your Score History
You have not taken this quiz